000 00522nam a2200193Ia 4500
003 GCL
008 140319s9999 xx 000 0 ara d
040 _aGCL /
_cGCL
082 0 4 _a193
_bع ف
100 1 _aعبدالفتاح الديدى
245 1 0 _aفلسفة هيجل /
_cعبدالفتاح الديدى
300 _a302 ص
490 _aكتاب
_v0
650 0 4 _aالفلسفة
650 0 4 _aالفلسفة الحديثة
650 0 4 _aهيجل
650 0 4 _aالفلسفة الغربية
942 _2ddc
_cBK
999 _c42177
_d42177